00226nam a2200085 a 450000500170000000800410001705000220005824500130008026000470009320140414132112.0110805s19uu xx 00 eng d aM 551.5bW37 2003 aWeather. aGreat Britain :bDorling Kindersly,c2003.